| 000 -LEADER |
| fixed length control field |
00829cam a2200253 a 4500 |
| 020 ## - INTERNATIONAL STANDARD BOOK NUMBER |
| ISBN |
0521405513 (v. 1 : hardback) |
| 020 ## - INTERNATIONAL STANDARD BOOK NUMBER |
| ISBN |
0521477441 (v. 1 : paperback) |
| 020 ## - INTERNATIONAL STANDARD BOOK NUMBER |
| ISBN |
0521471621 (v. 2) |
| 020 ## - INTERNATIONAL STANDARD BOOK NUMBER |
| ISBN |
052147745X (v. 2 : pb) |
| 020 ## - INTERNATIONAL STANDARD BOOK NUMBER |
| ISBN |
0521478375 (2 vol. paperback set) |
| 040 ## - CATALOGING SOURCE |
| Transcribing agency |
DLC |
| 041 1# - LANGUAGE CODE |
| Language code of original and/or intermediate translations of text |
fre |
| 082 00 - DEWEY DECIMAL CLASSIFICATION NUMBER |
| Classification number |
330 CAM 1995 A075 Or. |
| 100 1# - MAIN ENTRY--AUTHOR NAME |
| Personal name |
Gourieroux, Christian, |
| 245 10 - TITLE STATEMENT |
| Title |
Statistics and econometric models / |
| 260 ## - PUBLICATION, DISTRIBUTION, ETC. (IMPRINT) |
| Place of publication |
Cambridge [England] ; |
| -- |
New York, NY, USA : |
| Name of publisher |
Cambridge University Press, |
| Year of publication |
1995. |
| 300 ## - PHYSICAL DESCRIPTION |
| Number of Pages |
2 v. : |
| Other physical details |
ill. ; |
| Dimensions |
24 cm. |
| 650 #0 - SUBJECT ADDED ENTRY--TOPICAL TERM |
| Topical Term |
Statistics. |
| 650 #0 - SUBJECT ADDED ENTRY--TOPICAL TERM |
| Topical Term |
Econometric models. |
| 700 1# - ADDED ENTRY--PERSONAL NAME |
| Personal name |
Monfort, Alain, |
| 856 42 - ELECTRONIC LOCATION AND ACCESS |
| Uniform Resource Identifier |
http://www.loc.gov/catdir/description/cam021/94025194.html |
| 856 41 - ELECTRONIC LOCATION AND ACCESS |
| Uniform Resource Identifier |
http://www.loc.gov/catdir/toc/cam021/94025194.html |
| 942 ## - ADDED ENTRY ELEMENTS (KOHA) |
| Koha item type |
សៀវភៅភាសាអង់គ្លេស |
| 952 ## - LOCATION AND ITEM INFORMATION (KOHA) |
| Withdrawn status [LOCAL, KOHA] |
0 |